000 00250nam a22000977a 4500
008 180803b xxu||||| |||| 00| 0 eng d
082 _a813.52
245 _aBioterrorism Preparedness: High-Priority Agents
_cTrinity
300 _a1
_fCD
942 _2ddc
_cMX
999 _c46773
_d46773